Τουρισμός και οικονομία της Νισύρου
Saved in:
| Main Author: | |
|---|---|
| Other Authors: | |
| Format: | Book |
| Language: | Greek |
| Published: |
Ρόδος :
Εταιρεία Νισυριακών Μελετών,
1963.
|
| Subjects: | |
| Tags: |
Add Tag
No Tags, Be the first to tag this record!
|
MARC
| LEADER | 00000cam a2200000 a 4500 | ||
|---|---|---|---|
| 001 | 1/121093 | ||
| 008 | 200313syyyy####gr | ||| |||| ||gre|| | ||
| 040 | |a GR-MyUa |b gre |c GR-MyUa |e AACR2 | ||
| 041 | 0 | |a gre | |
| 082 | 7 | |a 938.00949587 |2 (23) | |
| 100 | 1 | |a Λογοθέτης, Μιλτιάδης Ι. | |
| 245 | 1 | 0 | |a Τουρισμός και οικονομία της Νισύρου / |c Μιλτιάδου Ι. Λογοθέτη. |
| 260 | |a Ρόδος : |b Εταιρεία Νισυριακών Μελετών, |c 1963. | ||
| 300 | |a 72 σ. : |b πίν., φωτ. ; |c 25 εκ. | ||
| 504 | |a Περιλαμβάνει βιβλιογραφικές παραπομπές. | ||
| 650 | 0 | |a Tourism |z Greece |z Dodekanesos. | |
| 651 | 0 | |a Nisyros island (Greece) |x History. | |
| 651 | 0 | |a Nisyros Island (Greece) |x Social life and customs. | |
| 700 | 1 | |a Σακελλαρίδης, Νικήτας, |e aui | |
| 852 | |a INST |b RHODES |c AKA |e 20200313 |h 938.00949587 ΛΟΓ |p 005400041462 |q 005400041462 |t BK |y 0 | ||
| 920 | |a Ακαδημία Ρόδου |y Ρόδος |z 2004-06 | ||
| 970 | |a Μαρία |b Κωτάκου |z 13-03-2020 | ||